000 01297nam a2200301 4500
003 BOFEUTO
005 20260512103315.0
008 260504t2025 bo a gr 001 | spa d
040 _6BOFEUTO
_aBOFEUTO
_cBOFEUTO
041 _aspa
044 _abo
082 _aTE6279
_bAN637o
100 _aAnzaldo Ramírez, Beatriz
_eautor
245 _aOptimización de la producción mediante PL para el Ingenio Minero Wiracocha de la ciudad de Oruro /
_cBeatriz Anzaldo Ramírez, Marcelo Azeñas Gutiérrez
260 _aOruro :
_bs/n,
_c2025.
300 _a94 hojas ;
_bcuadros, gráfi. ;
_c28.5 cm.
500 _aIncluye bibliografía, anexos.
502 _aTesis Dirigida, (Licenciatura) -- Universidad Técnica de Oruro, Facultad de Ciencias Económicas, Financieras y Administrativas, Carrera Administración de Empresas, 2025.
520 _aEl presente trabajo de investigación tiene por objetivo: Determinar los elementos que permitirán la optimización de la producción mediante PL para el Ingenio Minero Wiracocha d la ciudad de Oruro.
650 _aAdministración
653 _aEmpresa
653 _aProducción
653 _aEstructura organizativa
653 _aMinería en Bolivia
700 _aAzeñas Gutiérrez, Marcelo
_etutor
942 _2ddc
_cTE
_n0
942 _n0
_2ddc
999 _c16134
_d16134